A treatise on physical chemistry ; a cooperative effort by a group of physical chemists.

Bibliographic Details
Main Author: Taylor, Hugh S. (Hugh Stott), 1890-1974
Other Authors: Glasstone, Samuel, 1897-1986
Format: Book
Language:English
Published: New York : D. Van Nostrand Company, Inc., [1942-]
Edition:3d ed.
Subjects:

MARC

Tag First Indicator Second Indicator Subfields
LEADER 00000cam a2200000 4500
001 in00000695213
005 20151016052357.0
008 720412s19429999nyua 00010 eng u
010 |a  42008391  
035 |a (OCoLC)00282598 
035 |9 ADB6320AM 
040 |c WSU  |d TXA  |d UtOrBLW 
049 |a TXAM  |v 1 [105125]  |v 2 [204324] 
090 |a QD453  |b .T32 
100 1 |a Taylor, Hugh S.  |q (Hugh Stott),  |d 1890-1974. 
245 1 2 |a A treatise on physical chemistry ;  |b a cooperative effort by a group of physical chemists. 
250 |a 3d ed.  |b Edited by Hugh S. Taylor and Samuel Glasstone. 
264 1 |a New York :  |b D. Van Nostrand Company, Inc.,  |c [1942-] 
300 |a  volumes :  |b tables, diagrams 
336 |a text  |b txt  |2 rdacontent 
337 |a unmediated  |b n  |2 rdamedia 
338 |a volume  |b nc  |2 rdacarrier 
505 0 |a v. 1. Atomistics and thermodynamics.--v. 2. States of matter. 
650 0 |a Chemistry, Physical and theoretical. 
700 1 |a Glasstone, Samuel,  |d 1897-1986. 
999 |a MARS 
999 f f |s 662ccab4-b220-3c46-8be0-d29052b98b1d  |i 8491c61c-f1c7-321e-9a22-1aee50c121fd  |t 0 
952 f f |p ric  |a Texas A&M University  |b Rellis Campus  |c Joint Library Facility  |s JLF  |d Remote Storage  |t 0  |e QD453 .T32  |h Library of Congress classification  |i unmediated -- volume  |k v.1  |m A14804709069 
952 f f |p ric  |a Texas A&M University  |b Rellis Campus  |c Joint Library Facility  |s JLF  |d Remote Storage  |t 0  |e QD453 .T32  |h Library of Congress classification  |i unmediated -- volume  |k v.2  |m A14804709077 
998 f f |a QD453 .T32  |s v.1-v.2  |t 0  |l Remote Storage